000 00145nam a22000857a 4500
082 _aK760
245 _aDRAGON BALL Z
300 _a11P
942 _cBK
999 _c10535
_d10535